1647 1207 1882 1582 1570 1284 1364 1161 1238 1287 1627 1475 1798 1973 1555 1521 1910 1631 1475 1476 1529 1959 1668 1321 1674 1427 1686 1772 1594 1782 1992 1352 1029 1692 1196 1549 1928 1618 1628 1501 1548 1602 1830 1717 1116 1573 1801 1008 1908 1335 1869 1829 1393 1391 1386 1323 1820 1168 1298 1072 1384 1522 1569 1015 1231 1579 1235 1896 1855 1650 1178 1176 1898 1647 1229 1610 1364 1798 1663 1409 1164 1996 1396 1028 1178 1492 1651 1355 1012 1744 1722 1855 1486 1018 1464 1044 1415 1027 1931 BCNSPRNW ULIB Ver.6.0+V

เปลี่ยนเป็นภาษาไทย

Change to English
 แสดงรายละเอียดบรรณานุกรม
  กลับหน้าหลัก

Brief Record : Get Marc (ISO 2709) : E-mail record : QR code < ปิดหน้าต่าง
LEADER : 00000nas 2200000uu 4500
001    13399123703
003     ULIB
008    020711s|||| th a 000 0 tha d
022    1905453X
110    โรงพยาบาลพระพุทธบาท
245    วารสารวิชาการสาธารณสุขเขต5/^cโรงพยาบาลพระพุทธบาท
260    สระบุรี :^bโรงพยาบาลพระพุทธบาท,^cม.ป.ป.
310    ^aรายสี่เดือน
850 ^a ULIB:campus^bปีที่ 7 ฉบับที่ 1 ฉ.1 ;ปีที่ 8 ฉบับที่ 2 ฉ.1 ;ปีที่ 11 ฉบับที่ 1 ฉ.1
850 ^a ULIB^bปีที่ 7 ฉบับที่ 1 ฉ.1 ;ปีที่ 8 ฉบับที่ 1 ฉ.1 ;ปีที่ 11 ฉบับที่ 1 ฉ.1
945    ^p0^l0^i801077
945    ^p0^l0^i801078
945    ^p0^l0^i902650
945    ^p0^l0^i902651
945    ^p0^l0^i802439
945    ^p0^l0^i905540
รายการนี้ยังไม่มีแท็ก
คุณยังไม่ได้ล็อกอิน คุณสามารถมีกิจกรรมร่วมกับเว็บไซต์ได้ แต่ต้องล็อกอินก่อน ::
  ล็อกอิน

รายการสื่อสารสนเทศ (วารสาร)

ดูแบบ: กล่อง รายการ
ARRIVED
ปีที่ 7 ฉบับที่ 1 ฉ.1
สถานที่: ห้องสมุดวิทยาเขตนครสวรรค์ >วารสารห้องสมุดวิทยาเขตสวรรค์ประชารักษ์ >วารสาร
ARRIVED
ปีที่ 8 ฉบับที่ 1 ฉ.1
สถานที่: ห้องสมุดวิทยาเขตสวรรค์ประชารักษ์ >วารสาร
ARRIVED
ปีที่ 8 ฉบับที่ 2 ฉ.1
สถานที่: ห้องสมุดวิทยาเขตนครสวรรค์ >วารสาร
ARRIVED
ปีที่ 11 ฉบับที่ 1 ฉ.1
สถานที่: ห้องสมุดวิทยาเขตนครสวรรค์ >วารสารห้องสมุดวิทยาเขตสวรรค์ประชารักษ์ >วารสาร

BibComment


ยังไม่เคยถูกคอมเมนท์

คอมเมนท์ทรัพยากรรายการนี้
  คอมเมนท์: วารสารวิชาการสาธา..


 Copyright 2026. Bcnsprnw @Library